| 000 | 01431pab a2200193 454500 | ||
|---|---|---|---|
| 008 | 180718b2007 xxu||||| |||| 00| 0 eng d | ||
| 100 | _aSushil Kumar | ||
| 245 | _aPublic agencies and collaborative management apaproaches: examining resistance among administrative professionals | ||
| 260 | _c2007 | ||
| 300 | _ap.569-611. | ||
| 362 | _aSep | ||
| 520 | _aResistance among administrative professionals to participatory approaches is analyzed by means of a case study involving the implementation of community-based forest management (CBFM) in India. The model consists of two dimensions of attitudinal resistance to change - disapproval of CBFM regime by forest managers (a) at individual level and (b) at organizational level - and four categories of factors influencing resistance: personality traits, organizational factors, external environmental factors, and socialization factors. The model is empirically tested using the perceptions of forest managers working in state Forest Departments of four states in India. The empirical findings are used to suggest strengthening of organization and public administration theories on four aspects and to suggest some specific measures to deal with the attitudinal interia of public administrators. - Reproduced. | ||
| 650 | _aCivil service | ||
| 700 | _aAmburgey, Terry L. | ||
| 700 | _aKant, Shashi | ||
| 773 | _aAdministration and Society | ||
| 908 | _aN | ||
| 909 | _a75831 | ||
| 999 |
_c75831 _d75831 |
||